| 000 | 00998nam a2200289 i 4500 | ||
|---|---|---|---|
| 001 | 16728 | ||
| 003 | ES-MaACL | ||
| 005 | 20260414140742.0 | ||
| 007 | t| | ||
| 008 | 001027s1999 sp |||| | spa d | ||
| 020 | _a84-376-1703-0 | ||
| 080 | _a946.0"1939/75" | ||
| 080 | _a32(460)"1975/82" | ||
| 080 | _a32(460)"1982/96" | ||
| 245 | 0 | 0 |
_aHistoria de España siglo XX _b: 1939-1996 / _cJulio Aróstegui ... [et al.] ; Jesús A. Martínez (coord.). |
| 260 |
_aMadrid : _bCátedra, _c[1999] |
||
| 300 |
_a515 p. : _bil. ; _c24 cm. |
||
| 490 | 1 | _aHistoria. Serie mayor | |
| 651 | 4 |
_aEspaña- _xHistoria- _y1939-1975, Dictadura. _9167928 |
|
| 651 | 4 |
_aEspaña- _xHistoria- _y1975-1982, Transición. _9149272 |
|
| 651 | 4 |
_aEspaña- _xPolítica y gobierno- _y1982-1996. _98449 |
|
| 700 | 1 |
_aAróstegui, Julio, _d1939-2013 _923167 |
|
| 700 | 0 |
_aMartínez Martín, Jesús A. _d1958- _978202 |
|
| 830 | 1 |
_aHistoria. Serie mayor _9178485 |
|
| 852 |
_aES-MaACL _jL-23627 |
||
| 999 |
_c16728 _d16728 |
||